|
|
|
|
| LEADER |
00000nab a2200000 a 4500 |
| 001 |
vtls010100233 |
| 003 |
SK-MaSNL |
| 005 |
20260303080927.0 |
| 008 |
140402c2010 xo wr|p|||||||000 b|slo |
| 015 |
|
|
|a SNBRB2010/05
|2 snkbucl
|
| 038 |
|
|
|a SNKBUCL
|
| 040 |
|
|
|a SNKBUCL
|b slo
|c SNKBUCL
|e AACR2
|
| 041 |
0 |
|
|a slo
|
| 044 |
|
|
|a xo
|c SK
|
| 080 |
|
|
|a 27-565.73
|2 2001
|
| 080 |
|
|
|a 262.12:251
|2 2001
|
| 080 |
|
|
|a 284.1(437.6)
|2 2001
|
| 100 |
1 |
|
|a Klátik, Miloš,
|d 1963-
|4 aut
|9 106618
|
| 245 |
1 |
0 |
|a Pastiersky list Zboru biskupov ECAV na Slovensku k svätodušným sviatkom 2010
|c Miloš Klátik, Milan Krivda, Slavomír Sabol
|
| 610 |
2 |
7 |
|a Evanjelická cirkev a. v. na Slovensku.
|b Zbor biskupov
|2 snkbucl
|9 1047596
|
| 650 |
0 |
7 |
|a svätodušné sviatky
|2 snkbucl
|9 49890
|
| 655 |
|
7 |
|a pastierske listy
|2 snkbucl
|9 70721
|
| 700 |
1 |
|
|a Krivda, Milan,
|d 1966-
|4 aut
|9 101989
|
| 700 |
1 |
|
|a Sabol, Slavomír,
|d 1967-
|4 aut
|9 430295
|
| 773 |
0 |
|
|t Evanjelický posol spod Tatier
|g Roč. 100, č. 22 (2010), s. 2
|x 0139-8768
|
| 852 |
|
|
|a SNK
|b KIS3GCP
|
| 958 |
|
|
|a NT
|
| 999 |
|
|
|c 1782521
|d 1784451
|